Normal view MARC view
  • SInghania ,Dr. Vinod K and Singhania ,Dr. Kapil

Entry Personal Name

Number of records used in: 3

001 - CONTROL NUMBER

  • control field: 5734

003 - CONTROL NUMBER IDENTIFIER

  • control field: OSt

005 - DATE AND TIME OF LATEST TRANSACTION

  • control field: 20200522103639.0

008 - FIXED-LENGTH DATA ELEMENTS

  • fixed length control field: 200522|| aca||aabn | a|a d

040 ## - CATALOGING SOURCE

  • Original cataloging agency: OSt
  • Transcribing agency: OSt

100 ## - HEADING--PERSONAL NAME

  • Personal name: SInghania ,Dr. Vinod K and Singhania ,Dr. Kapil

670 ## - SOURCE DATA FOUND

  • Source citation: Work cat.: (OSt): SInghania ,Dr. Vinod K and Singhania ,Dr. Kapil, Direct Tax Law And Practice: With Special reference to tax Planning, 2020